000 00259nam a22001217a 4500
008 180927b xxu||||| |||| 00| 0 eng d
041 _aeng
080 _a159.9
100 _a48
101 _aPSI
245 _aGeneral Psychology
_cFryer,H.D
942 _2udc
_cBK
999 _c48585
_d48585